Fauna (dutch/nederlands) - Statistics

General Stats
  • This quiz has been taken 5 times
  • The average score is 11 of 18
Answer Stats
Picture Answer % Correct
Hooiwagen
100%
Atalanta / Admiraalvlinder
75%
Gehakkelde Aurelia
75%
Koninginnenpage
75%
Koolwitje
75%
Pissebed
75%
Sprinkhaan
75%
Vuursalamander
75%
Vuurwants
75%
Aziatische Hoornaar
50%
Dagpauwoog
50%
Duizendpoot
50%
Gilamonster
50%
Libelle
50%
Oorworm / Tenenknijper
50%
Waterjuffer
50%
Argusvlinder
25%
Icarusblauwtje
25%
No matching quizzes found
Score Distribution
Percent of People with Each Score
Percentile by Number Answered
Your Score History
You have not taken this quiz